Top ten wide receivers of 2025 - Statistics

General Stats
  • This quiz has been taken 21 times
  • The average score is 5 of 10
Answer Stats
Hint Answer % Correct
2 Justin Jefferson
94%
1 JaMarr Chase
89%
9 Amon-Ra St. Brown
83%
7 AJ Brown
72%
3 CeeDee Lamb
67%
8 Malik Nabers
56%
10 Drake London
39%
4 Puca Nacua
11%
6 Travis Hunter
11%
5 Emeka Egbuka
6%
No matching quizzes found
Score Distribution
Percent of People with Each Score
Percentile by Number Answered
Your Score History
You have not taken this quiz